00400nam a2200157Ia 4500008004100000020002200041041000800063082001600071100001600087245002900103260004900132300000900181500000800190650002800198700001600226230125s9999 xx 000 0 und d a978-0-415-48143-4 aeng a302.35bPET aPettinger R aOrganizational Behaviour c2011bRoutledge Taylor and FrancisaNew York a580p aO B aOrganiational behaviour aPettinger R